Moby Dick / (Record no. 5388)

MARC details
000 -LEADER
fixed length control field 00890nam a22002897a 4500
001 - CONTROL NUMBER
control field 5388
003 - CONTROL NUMBER IDENTIFIER
control field FISKH
005 - DATE AND TIME OF LATEST TRANSACTION
control field 20241129154822.0
008 - FIXED-LENGTH DATA ELEMENTS--GENERAL INFORMATION
fixed length control field 241129b cb ||||| |||| 00| 0 eng d
020 ## - INTERNATIONAL STANDARD BOOK NUMBER
International Standard Book Number 9780439056717
040 ## - CATALOGING SOURCE
Original cataloging agency FISKH
Language of cataloging eng
Transcribing agency FISKH
Modifying agency FISKH
050 ## - LIBRARY OF CONGRESS CALL NUMBER
Classification number PZ7.W478
082 ## - DEWEY DECIMAL CLASSIFICATION NUMBER
Classification number 435
100 ## - MAIN ENTRY--PERSONAL NAME
Personal name West, Terry M.
245 ## - TITLE STATEMENT
Title Moby Dick /
Statement of responsibility, etc. by Terry M. West : A graphic classic based on the novel by Herman Melville
260 ## - PUBLICATION, DISTRIBUTION, ETC.
Place of publication, distribution, etc. New York :
Name of publisher, distributor, etc. Scholastic ;
Date of publication, distribution, etc. 1999.
300 ## - PHYSICAL DESCRIPTION
Extent 51 pages :
Other physical details color illustrations ;
Dimensions 20 cm .
490 ## - SERIES STATEMENT
Series statement Read 180
Volume/sequential designation Stage B
505 ## - FORMATTED CONTENTS NOTE
Formatted contents note Z <br/>
520 ## - SUMMARY, ETC.
Summary, etc. A comic book-style retelling of Captain Ahab and the deadly white whale called Moby Dick.
521 8# - TARGET AUDIENCE NOTE
Target audience note 1150 <br/>
Source Lexile <br/>
521 8# - TARGET AUDIENCE NOTE
Target audience note Z <br/>
Source Raz-Plus <br/>
650 ## - SUBJECT ADDED ENTRY--TOPICAL TERM
Topical term or geographic name entry element classics
Form subdivision Fiction
700 ## - ADDED ENTRY--PERSONAL NAME
Personal name Dunlavey, Ryan
Relator term penciller
942 ## - ADDED ENTRY ELEMENTS (KOHA)
Source of classification or shelving scheme Dewey Decimal Classification
Koha item type Books
Suppress in OPAC No
Holdings
Withdrawn status Lost status Source of classification or shelving scheme Damaged status Not for loan Collection Home library Current library Shelving location Date acquired Total Checkouts Full call number Barcode Date last seen Price effective from Koha item type
    Dewey Decimal Classification     Fiction Footprints International School Library Network Toul Kork Campus Footprints International School Library Network Toul Kork Campus TTP Secondary Fiction Bookshelves 11/29/2024   WES 435 PZ7.W478 FISSE01418 11/29/2024 11/29/2024 Books